Heating, Ventilating And Air Conditioning (Record no. 343611)

MARC details
000 -LEADER
fixed length control field 00514nam a2200181Ia 4500
008 - FIXED-LENGTH DATA ELEMENTS--GENERAL INFORMATION
fixed length control field 230718s9999 xx 000 0 und d
020 ## - INTERNATIONAL STANDARD BOOK NUMBER
International Standard Book Number 9788126531875
041 ## - LANGUAGE CODE
Language code of text/sound track or separate title eng
082 ## - DEWEY DECIMAL CLASSIFICATION NUMBER
Classification number 697
Item number MCQ
100 ## - MAIN ENTRY--PERSONAL NAME
Personal name McQuiston F.C.
9 (RLIN) 199662
245 ## - TITLE STATEMENT
Title Heating, Ventilating And Air Conditioning
Remainder of title Analysis And Design
250 ## - EDITION STATEMENT
Edition statement 6th ed.
260 ## - PUBLICATION, DISTRIBUTION, ETC. (IMPRINT)
Date of publication, distribution, etc. 2014
Name of publisher, distributor, etc. Wiley
300 ## - PHYSICAL DESCRIPTION
Extent 623
365 ## - TRADE PRICE
Currency code Rs.
Price amount 599.00
700 ## - ADDED ENTRY--PERSONAL NAME
Personal name McQuiston F.C.
9 (RLIN) 199662
906 ## - LOCAL DATA ELEMENT F, LDF (RLIN)
d O:0361414-Oct-2016B:SE/SI/340503-Oct-2016
c MECH
b 161.73
Holdings
Withdrawn status Lost status Damaged status Not for loan Home library Current library Date acquired Vendor Budget Code Cost, normal purchase price Bill number Total Checkouts Full call number Barcode Date last seen Discount Cost, replacement price Bill Date Koha item type Original Barcode
        Cummins College of Engineering for Women Pune Cummins College of Engineering for Women Pune 24/10/2016 Suyog Enterprises MECH 437.27 SE/SI/3405   697 CCEP-BK-54818 18/07/2023 161.73 599.00 03/10/2016 Books 054818